000 02167nam0a2200373 i 4500
001 RU\NLR\BIBL_A\011130272
005 20240921112236.0
010 _a9785911373276
_9200
021 _aRU
_b2016-34547
_92218
035 _a(NILC)RuMoRGB-008469559
035 _a(NLR Aleph) 011130272
090 _a11564234
_c11564234
100 _a20160517d2015 km y0rusy50 ca
101 0 _arus
_deng
102 _aRU
105 _aa z 000yy
200 1 _aРазработка технологий извлечения редкоземельных элементов при сернокислотной переработке хибинского апатитового концентрата на минеральные удобрения
_dTechnologies development for the extraction of rare earth elements while sulfuric acid processing of the khibiny apatite concentrate for mineral fertilizers production
_fЭ. П. Локшин, О. А. Тареева
_gРос. акад. наук, Кольский науч. центр, Ин-т химии и технологии редких элементов и минерального сырья им. И. В. Тананаева
_zeng
210 _aАпатиты
_cКНЦ РАН
_d2015
215 _a268 с.
_cил.
_d26
300 _aРез. на англ. яз.
320 _aБиблиогр.: с. 229-250 (44 назв.)
510 1 _aTechnologies development for the extraction of rare earth elements while sulfuric acid processing of the khibiny apatite concentrate for mineral fertilizers production
_zeng
606 1 _aРедкоземельные металлы
_xИзвлечение из руд
_91514367
_3RU\NLR\AUTH\66959633
606 1 _aФосфорно-кислые удобрения
_xПроизводство
_xОтходы
_92103514
_3RU\NLR\AUTH\661575566
675 _a669.2/.8
675 _a622.7
686 1 _aК345.3
700 1 _aЛокшин
_bЭ. П.
_gЭфроим Пинхусович
701 1 _aТареева
_bО. А.
_gОльга Альбертовна
801 0 _aRU
_bРГБ
_c20160426
_gRCR
942 _cBOOK
980 _aNBR